Image Processing_Analysis and Machine Vision_4th Edition (Record no. 38041)
[ view plain ]
| 000 -LEADER | |
|---|---|
| fixed length control field | 01307nam a22001937a 4500 |
| 020 ## - INTERNATIONAL STANDARD BOOK NUMBER | |
| ISBN | 9789386858146 |
| 082 ## - DEWEY DECIMAL CLASSIFICATION NUMBER | |
| Classification number | 006.37 SON |
| 100 ## - MAIN ENTRY--AUTHOR NAME | |
| Personal name | Milan Sonka |
| 100 ## - MAIN ENTRY--AUTHOR NAME | |
| Personal name | Vaclav Hlavac |
| 100 ## - MAIN ENTRY--AUTHOR NAME | |
| Personal name | Roger Boyle |
| 245 ## - TITLE STATEMENT | |
| Title | Image Processing_Analysis and Machine Vision_4th Edition |
| 250 ## - EDITION STATEMENT | |
| Edition statement | 4 |
| 260 ## - PUBLICATION, DISTRIBUTION, ETC. (IMPRINT) | |
| Name of publisher | Cengage Learning |
| Place of publication | New Delhi |
| Year of publication | 2025 |
| 520 ## - SUMMARY, ETC. | |
| Summary, etc | The brand new edition of IMAGE PROCESSING, ANALYSIS, AND MACHINE VISION is a robust text providing deep and wide coverage of the full range of topics encountered in the field of image processing and machine vision. As a result, it can serve undergraduates, graduates, researchers, and professionals looking for a readable reference. The book's encyclopedic coverage of topics is wide, and it can be used in more than one course (both image processing and machine vision classes). In addition, while advanced mathematics is not needed to understand basic concepts (making this a good choice for undergraduates), rigorous mathematical coverage is included for more advanced readers. It is also distinguished by its easy-to-understand algorithm descriptions of difficult concepts, and a wealth of carefully selected problems and examples. |
| 546 ## - LANGUAGE NOTE | |
| Language note | English |
| 650 ## - SUBJECT ADDED ENTRY--TOPICAL TERM | |
| Topical Term | CSE |
| 942 ## - ADDED ENTRY ELEMENTS (KOHA) | |
| Koha item type | Text Book |
| 952 ## - LOCATION AND ITEM INFORMATION (KOHA) | |
| Damaged status | |
| Not for loan | |
| Withdrawn status | Collection code | Permanent Location | Current Location | Shelving location | Date acquired | Source of acquisition | Cost, normal purchase price | Inventory number | Full call number | Accession Number | Price effective from | Koha item type |
|---|---|---|---|---|---|---|---|---|---|---|---|---|
| Computer Science and Engineering | VAST Central Library | VAST Central Library | S-11/REF-CS | 18/11/2025 | Calicut Books | 1095.00 | 17740 | 006.37 SON | 38143 | 22/11/2025 | Reference Book |